Statistics for Asian Cities with the Biggest Economies

Click here to take the quiz!

General Stats

  • This quiz has been taken 598 times
    (189 since last reset)
  • The average score is 19 of 25

Answer Stats

(Billions)Answer% Correct
$1617Tokyo
98%
$594Shanghai
97%
$506Beijing
97%
$279Mumbai
93%
$293Delhi
93%
$671Osaka-Kobe
92%
$321Jakarta
92%
$846Seoul
92%
$416Hong Kong
91%
$366Singapore
91%
$307Bangkok
91%
$380Guangzhou
87%
$327Taipei
82%
$349Istanbul
79%
$232Wuhan
77%
$364Nagoya
76%
$372Tianjin
72%
$363Shenzhen
69%
$233Chengdu
69%
$297Busan
66%
$316Chongqing
65%
$220Hangzhou
52%
$209Qingdao
42%
$339Suzhou
21%
$212Wuxi
19%

Score Distribution

Percentile by Number Answered

Percent of People with Each Score

Your Score History

You have not taken this quiz since the last reset